000 00641 a2200265 4500
260 _aParis
630 _a65 - Gestion et organisation de lindustrie, du commerce, de la communication et des transports
037 _bMES
650 _a6 - SCIENCES APPLIQUEES
100 _aIorio, Rina Di
700 _aSebbar, Bernadette
700 _aStösser, Anne
260 _bBréal
245 _aOutils de gestion commerciale
300 _a399p.
650 _aCommerce : gestion
260 _c2001
300 _b26 cm
100 _lFr
037 _a9599
037 _a9600
020 _a2 84291 113 X
999 _c43347
_d43347